American civics : constitution edition
Saved in:
| Main Author: | |
|---|---|
| Other Authors: | |
| Format: | Book |
| Language: | English |
| Published: |
Orlando :
Harcourt Brace Jovanovich,
1990
|
| Subjects: | |
| Tags: |
Add Tag
No Tags, Be the first to tag this record!
|
MARC
| LEADER | 00000nam a2200000 i 4500 | ||
|---|---|---|---|
| 001 | 1/75689 | ||
| 008 | 971031s1987 eng d | ||
| 020 | |a 0-15-371445-X | ||
| 035 | |a 1990 |b 2 |c Πολεμικού |l 10032194 | ||
| 040 | |a GR-MY-UA |b gre |e aacr | ||
| 041 | 0 | |a eng | |
| 082 | 0 | |a 320.973 | |
| 100 | 1 | |a Hartley, William Harrison. | |
| 245 | 1 | 0 | |a American civics : |b constitution edition / |c William H. Hartley, William S. Vincent |
| 260 | |a Orlando : |b Harcourt Brace Jovanovich, |c 1990 | ||
| 300 | |a 578 p. | ||
| 650 | 0 | 0 | |a Civics. |
| 650 | 0 | 0 | |a Civics |x Juvenile literature. |
| 700 | 1 | |a Vincent, William S. | |
| 852 | |a INST |b RHODES |e 19971031 |h 320.973 HAR |p 005400008327 |q 005400008327 |t BK |y 0 | ||
| 909 | |a Ρ |b 017689 |c 1990 | ||